000 00788nam a2200253Ia 4500
003 OSt
005 20220918163658.0
006 a|||||r|||| 00| 0
007 ta
008 220917b |||||||| |||| 00| 0 eng d
020 _a0198098944 (hbk)
_c995
024 _a282,839
037 _bCBS/36, 12/08/2014, Classic Book Service
_cTextual
040 _aARTS
_cARTS
_beng
041 _2eng
_aeng
082 _aV275.N5, Q4
100 _aBhattacharya Sabyasachi
_914519
245 0 _aDefining moments in Bengal 1920 - 1947
260 _aNew Delhi
_bOxford University Press India
_c2014
300 _axvi, 403p.
_ccm.
650 _aHISTORY
942 _hV275.N5, Q4
_cTEXL
_2CC
999 _c120756
_d120756